| 000 | 00648nam a2200145 a 4500 | ||
|---|---|---|---|
| 001 | 000036074 | ||
| 005 | 20200930074843.0 | ||
| 008 | 111125s1986 ck 000 0 spa d | ||
| 040 |
_aDO-SdBNP _bspa _cBNPHU |
||
| 082 |
_axxxx _bG727 |
||
| 245 | 0 | 0 |
_aCatálogo no. 2 : _bgrabaciones de audio musical tradicional y popular. |
| 260 |
_aBogotá : _bInstituto Colombiano de Cultura, Centro de Documentación Musical, _c1986. |
||
| 300 |
_a99 p. ; _c25 cm. |
||
| 500 | _aLa edición del presente catálogo forma parte del convenio 12/84, establecido entre la Empresa Nacional de Telecomunicaciones (TELECOM) y el Instituto Colombiano de Cultura (COLNACULTURA) | ||
| 999 |
_c35565 _d35565 |
||